<?xml version="1.0" encoding="UTF-8"?>
<marc:record xmlns:marc="http://www.loc.gov/MARC21/slim">
   <marc:leader>00000nam a2200000 a 4500</marc:leader>
   <marc:datafield ind1=" " ind2=" " tag="653">
      <marc:subfield code="a">Stadt</marc:subfield>
   </marc:datafield>
   <marc:datafield ind1=" " ind2=" " tag="653">
      <marc:subfield code="a">Geografie</marc:subfield>
   </marc:datafield>
   <marc:datafield ind1="0" ind2="0" tag="245">
      <marc:subfield code="a">Die großen Städte der Welt</marc:subfield>
   </marc:datafield>
   <marc:datafield ind1="0" ind2="0" tag="245">
      <marc:subfield code="b">; für Kinder erzählt</marc:subfield>
   </marc:datafield>
   <marc:datafield ind1=" " ind2="1" tag="264">
      <marc:subfield code="b">Knesebeck</marc:subfield>
      <marc:subfield code="c">2009</marc:subfield>
   </marc:datafield>
   <marc:datafield ind1="1" ind2=" " tag="520">
      <marc:subfield code="a">Alle Metropolen auf einen Blick. (ab 9) (JR) Der Autor Philippe Godard erzählt von den 31 größten Städten der Welt - ob in Asien, Europa oder Südamerika, die Welt der Megastädte ist faszinierend und laut! Istanbul, Madrid, Hongkong oder Lagos, jede Stadt ist einzigartig. Das farbenfrohe Buch ist übersichtlich gestaltet, Bilder und Illustrationen stehen bei jeder Stadt nebeneinander. Die Städte werden für Kinder leicht lesbar mit kurzen Sätzen, aber spannend vorgestellt: Man liest nicht nur eintönige Statistiken, sondern bekommt immer das Typische der Stadt wie z.B. architektonische oder kulturelle Besonderheiten und geschichtliche Details erzählt. So erlebt man nicht nur die Skyline von Singapur oder den zugefrorenen Hafen von Montréal, man reist auch in die Slums von Manila und erfährt, dass in Delhi Kühe frei herumlaufen. Zudem werden die Kehrseiten der Megastädte thematisiert: Probleme wie Elendsviertel, Überbevölkerung, Luftverschmutzung, Verkehrsbelastung oder wirtschaftliche Schwierigkeiten werden nicht ausgeblendet. An manchen Stellen könnten die Beschreibungen ruhig ausführlicher ausfallen, insgesamt ist es aber ein empfehlenswertes Sachbuch für wissbegierige Kinder, die gerne auch Reisen im Kopf machen.</marc:subfield>
   </marc:datafield>
   <marc:datafield ind1=" " ind2=" " tag="020">
      <marc:subfield code="a">9783868730005</marc:subfield>
      <marc:subfield code="9">9783868730005</marc:subfield>
   </marc:datafield>
</marc:record>
